Billie Eilish - What was I made for? lyrics - Statistics

General Stats
  • This quiz has been taken 3,394 times
  • The average score is 130 of 153
Answer Stats
Answer % Correct
I
100%
for
99%
for?
99%
made
99%
What
99%
what
99%
was
98%
to
95%
don't
94%
know
94%
a
92%
not
92%
but
91%
But
91%
I'm
91%
how
90%
feel
88%
just
87%
Just
87%
so
87%
When
87%
now
85%
used
84%
down
81%
it
81%
fall
80%
my
80%
sure
80%
float
79%
boyfriend
78%
tell
77%
Cause
76%
cause
76%
try
76%
somethin'
75%
Somethin'
75%
wanna
75%
you
75%
he's
72%
It's
72%
the
72%
an
69%
someday
69%
Someday
69%
sad
68%
again
67%
All
67%
did
67%
be
65%
end?
65%
might
64%
real
64%
enjoyment
63%
paid
62%
alive
61%
out
59%
Takin'
59%
ideal
57%
turns
57%
can
55%
drive
55%
Looked
53%
happy
51%
Think
45%
wait
44%
forgot
43%
No matching quizzes found
Score Distribution
Percent of People with Each Score
Percentile by Number Answered
Your Score History
You have not taken this quiz